ANA International Destinations- Sudden Death - Statistics

General Stats
  • This quiz has been taken 47 times
  • The average score is 5 of 10
Answers on the Grid
Answers color-coded by a green-red scale on the quiz's grid according to % correct below.
Los Angeles International Airport, USA (LAX)
John F. Kennedy International Airport,USA(JFK)
Ngurah Rai International Airport,Indonesia(DPS)
Chennai International Airport,India(MAA)
Hong Kong International Airport,Hong Kong(HKG)
Rome Fiumicino International Airport,Italy(FCO)
Istanbul International Airport,Turkiye(IST)
Chhatrapati Shivaji Maharaj International Airport,India(BOM)
Indira Gandhi International Airport,India(DEL)
Vienna International Airport,Austria(VIE)
Kuala Lumpur International Airport,Malaysia(KUL)
Yangon International Airport,Myanmar(RGN)
Miami International Airport,USA(MIA)
Moscow Domodedovo International Airport,Russia(DME)
Soekarno-Hatta International Airport,Indonesia(CGK)
Charles De Gualle International Airport,France(CDG)
 
Answer Stats
Answer % Correct
Los Angeles International Airport, USA (LAX)
100%
John F. Kennedy International Airport,USA(JFK)
96%
Hong Kong International Airport,Hong Kong(HKG)
62%
Kuala Lumpur International Airport,Malaysia(KUL)
54%
Charles De Gualle International Airport,France(CDG)
46%
Soekarno-Hatta International Airport,Indonesia(CGK)
42%
Istanbul International Airport,Turkiye(IST)
38%
Chhatrapati Shivaji Maharaj International Airport,India(BOM)
19%
Indira Gandhi International Airport,India(DEL)
19%
Vienna International Airport,Austria(VIE)
19%
No matching quizzes found
Score Distribution
Percent of People with Each Score
Percentile by Number Answered
Your Score History
You have not taken this quiz